Evolución de la idea de materia (Record no. 72072)

MARC details
000 -LEADER
campo de control de longitud fija 00643nam a2200193 i 4500
001 - NÚMERO DE CONTROL
campo de control 72072
003 - IDENTIFICADOR DE NÚMERO DE CONTROL
campo de control ES-MaACL
005 - FECHA Y HORA DE LA ÚLTIMA TRANSACCIÓN
campo de control 20230906171321.0
007 - CAMPO FIJO DE DESCRIPCIÓN FÍSICA--INFORMACIÓN GENERAL
campo de control de longitud fija t|
008 - DATOS DE LONGITUD FIJA--INFORMACIÓN GENERAL
campo de control de longitud fija 040825s1981 sp ||||1| spa d
100 1# - ENTRADA PRINCIPAL--NOMBRE DE PERSONA
Nombre de persona Gil Pérez, Daniel.
9 (RLIN) 56860
245 10 - MENCIÓN DEL TÍTULO
Título Evolución de la idea de materia
Resto del título : (un hilo conductor para el estudio de la física) /
Mención de responsabilidad, etc. Daniel Gil Pérez.
260 ## - PUBLICACIÓN, DISTRIBUCIÓN, ETC.
Lugar de publicación, distribución, etc. Valencia :
Nombre del editor, distribuidor, etc. Instituto de Ciencias de la Educación,
Fecha de publicación, distribución, etc. [1981]
300 ## - DESCRIPCIÓN FÍSICA
Extensión 110 p. ;
Dimensiones 19 cm.
490 1# - MENCIÓN DE SERIE
Mención de serie Investigaciones didácticas
830 0# - PUNTO DE ACCESO ADICIONAL DE SERIE-TÍTULO UNIFORME
Título uniforme Investigaciones didácticas
9 (RLIN) 231101
852 ## - LOCALIZACIÓN
Ubicación ES-MaACL
Número de control de estantería L-2126
Sublocalización o colección R.102632
Holdings
Estatus retirado Estado de pérdida Estado de daño No para préstamo Biblioteca de origen Biblioteca actual Ubicación en estantería Fecha de adquisición Fuente de adquisición Total de préstamos Signatura topográfica completa Código de barras Visto por última vez Precio de reemplazo Tipo de ítem Koha
        Biblioteca del Ateneo de Madrid Biblioteca del Ateneo de Madrid Depósito 2 17/01/2008     L-2126 1075446 23/02/2023 23/02/2023 Libro impreso